|
|
|
|
| LEADER |
01025cam a2200361 i 4500 |
| 001 |
000047502 |
| 003 |
7185 |
| 005 |
20030314104432.0 |
| 008 |
010320|1983 vm 000 eng |
| 020 |
|
|
|a 0194312879
|
| 040 |
|
|
|a IRC
|c IRC
|d IRC
|
| 041 |
0 |
|
|a eng
|
| 082 |
1 |
4 |
|a 423.1
|b CO-A
|
| 100 |
1 |
|
|a Cowie, A. P.
|q (Anthony Paul)
|
| 245 |
0 |
0 |
|a Oxford dictionary of English idioms :
|b [Oxford dictionary of current idiomatic English volume 2] /
|c A. P. Cowie, R. Mackin and I. R. McCaig.
|
| 260 |
|
|
|a Oxford :
|b Oxford University Press,
|c 1983.
|
| 300 |
|
|
|a lxiii, 685 p. ;
|c 21.5cm.
|
| 630 |
0 |
4 |
|a English language.
|
| 630 |
0 |
4 |
|a English Idioms.
|
| 630 |
0 |
4 |
|a Idioms dictionaries.
|
| 650 |
0 |
4 |
|a English language
|x Idioms.
|
| 700 |
1 |
|
|a Mackin, R.
|
| 700 |
1 |
|
|a McCaig, I. R.
|
| OWN |
|
|
|a DUT
|
| 999 |
|
|
|a From the UDN01
|
| TYP |
|
|
|a Monograph
|
| TYP |
|
|
|a Printed language
|
| 980 |
|
|
|a Mạng thư viện Đại học Đà Nẵng
|